World Heritage Sites of Japan - Statistics

General Stats
  • This quiz has been taken 45 times
  • The average score is 9 of 23
Answer Stats
Answer % Correct
Monuments of Ancient Kyoto
82%
Monuments of Ancient Nara
82%
Mt. Fuji
82%
Shiretoko
64%
Himeji Castle
55%
Hiroshima Genbaku Dome
55%
Horyuji Temple
55%
Hidden Christian sites in Nagasaki and Amakusa region
45%
Iwami Ginzan Silver Mine and its Cultural Landscape
45%
Shirakami Sanchi
45%
Ogasawara Islands
36%
Shrines and Temples of Nikko
36%
Gusuku Sites and Related Properties of the Kingdom of Ryukyu
27%
Itsukushima Shrine
27%
Sacred Sites and Pilgrimage Routes in the Kii Mountain Range
27%
Yakushima
27%
Shirakawa-Go/Gokayama
18%
Sites of Japan's Meiji Industrial Revolution
18%
Tomioka Silk Mill and Related Sites
18%
Historic Monuments and Sites of Hiraizumi
9%
Mozu-Furuichi Kofungun Ancient Tumulus Structures
9%
National Museum of Western Art (The Architectural Work of Le Corbusier)
9%
Okinoshima Island and Related Sites in Munakata Region
0%
No matching quizzes found
Score Distribution
Percent of People with Each Score
Percentile by Number Answered
Your Score History
You have not taken this quiz